MyGZULibrary

Leading from behind : (Record no. 779)

MARC details
000 -LEADER
fixed length control field 01133cam a2200325 i 4500
001 - CONTROL NUMBER
control field 19965367
003 - CONTROL NUMBER IDENTIFIER
control field GZU
005 - DATE AND TIME OF LATEST TRANSACTION
control field 20200914104616.0
008 - FIXED-LENGTH DATA ELEMENTS--GENERAL INFORMATION
fixed length control field 170826s2017 rh a b 001 0aeng
010 ## - LIBRARY OF CONGRESS CONTROL NUMBER
LC control number 2016341220
020 ## - INTERNATIONAL STANDARD BOOK NUMBER
International Standard Book Number 9781779223180
040 ## - CATALOGING SOURCE
Original cataloging agency DLC
Language of cataloging eng
Description conventions rda
Transcribing agency DLC
042 ## - AUTHENTICATION CODE
Authentication code lcode
-- pcc
043 ## - GEOGRAPHIC AREA CODE
Geographic area code f-rh---
050 00 - LIBRARY OF CONGRESS CALL NUMBER
Classification number HQ1240.5.Z55
Item number CHE 2017
100 1# - MAIN ENTRY--PERSONAL NAME
Personal name Chenaux-Repond, Maia.
Relator term author
245 10 - TITLE STATEMENT
Title Leading from behind :
Remainder of title women in community development in Rhodisia, 1973-1979 /
Statement of responsibility, etc. Maia Chenaux-Repond.
264 #1 - PRODUCTION, PUBLICATION, DISTRIBUTION, MANUFACTURE, AND COPYRIGHT NOTICE
Place of production, publication, distribution, manufacture Harare :
Name of producer, publisher, distributor, manufacturer Weaver Press,
Date of production, publication, distribution, manufacture, or copyright notice [2017]
300 ## - PHYSICAL DESCRIPTION
Extent xviii, 457 pages :
Other physical details illustrations ;
Dimensions 24 cm
336 ## - CONTENT TYPE
Content type term text
Content type code txt
Source rdacontent
337 ## - MEDIA TYPE
Media type term unmediated
Media type code n
Source rdamedia
338 ## - CARRIER TYPE
Carrier type term volume
Carrier type code nc
Source rdacarrier
500 ## - GENERAL NOTE
General note Includes bibliographical references and index.
504 ## - BIBLIOGRAPHY, ETC. NOTE
Bibliography, etc. note Includes bibliographical references and index.
600 10 - SUBJECT ADDED ENTRY--PERSONAL NAME
Personal name Chenaux-Repond, Maia.
650 #0 - SUBJECT ADDED ENTRY--TOPICAL TERM
Topical term or geographic name entry element Women in community development
Geographic subdivision Zimbabwe
Form subdivision Biography.
906 ## - LOCAL DATA ELEMENT F, LDF (RLIN)
a 7
b cbc
c origode
d 2
e ncip
f 20
g y-gencatlg
942 ## - ADDED ENTRY ELEMENTS (KOHA)
Source of classification or shelving scheme Library of Congress Classification
Koha item type Books
Classification part 1240.5.Z55
Item part CHE
Call number prefix HQ
Holdings
Withdrawn status Lost status Source of classification or shelving scheme Damaged status Not for loan Collection code Home library Current library Shelving location Date acquired Source of acquisition Total Checkouts Full call number Barcode Date last seen Copy number Price effective from Koha item type
    Library of Congress Classification     Non-fiction City Campus Library City Campus Library General Stacks 09/12/2017 Donated by The Embassy of Switzerland   HQ1240.5.Z55 CHE 2017 028550 09/14/2020 c. 1 09/14/2020 Books
    Library of Congress Classification     Non-fiction City Campus Library City Campus Library General Stacks 09/12/2017 Donated by The Embassy of Switzerland   HQ1240.5.Z55 CHE 2017 028551 09/14/2020 c. 2 09/14/2020 Books